LIBRARY & INFORMATION CENTRE, KCAET, TAVANUR

ONLINE PUBLIC ACCESS CATALOGUE (OPAC)

Agricultural Education in India : Institutes and Organisations/ (Record no. 2557)

MARC details
000 -LEADER
fixed length control field 00448cam a2200157ua 4500
003 - CONTROL NUMBER IDENTIFIER
control field OSt
008 - FIXED-LENGTH DATA ELEMENTS--GENERAL INFORMATION
fixed length control field 260124b |||||||| |||| 00| 0 eng d
082 ## - DEWEY DECIMAL CLASSIFICATION NUMBER
Classification number 630.710954
Item number NAI/AG
100 ## - MAIN ENTRY--AUTHOR NAME
Personal name Naik, K.C .
245 ## - TITLE STATEMENT
Title Agricultural Education in India : Institutes and Organisations/
250 ## - EDITION STATEMENT
Edition statement 1 /
260 ## - PUBLICATION, DISTRIBUTION, ETC. (IMPRINT)
Place of publication New Delhi :
Name of publisher Indian Council for Agricultural Research ,
Year of publication 1961.
300 ## - PHYSICAL DESCRIPTION
Number of Pages 178 ; .
942 ## - ADDED ENTRY ELEMENTS (KOHA)
Koha item type Reference
Holdings
Withdrawn status Lost status Damaged status Home library Current library Date acquired Cost, normal purchase price Full call number Accession Number Koha item type Collection code Shelving location
Withdrawn     KAUAET KAUAET 07/04/2012 8.00 630 7815 Books    
      KAUAET KAUAET 07/04/2012 8.00 630.710954.NAI/AG 7814 Books Reference Reference
free website counter